| 000 | 01479cam a22004097a 4500 | ||
|---|---|---|---|
| 001 | 7919693 | ||
| 003 | OSt | ||
| 005 | 20211119151541.0 | ||
| 006 | m d | ||
| 007 | cr n | ||
| 008 | 090322s2009 ne a sb 001 0 eng d | ||
| 015 |
_aGBA962635 _2bnb |
||
| 016 | 7 |
_a015297561 _2Uk |
|
| 020 | _a9781848825086 (hbk.) | ||
| 035 | _a(WaSeSS)ssj0000203809 | ||
| 038 | _aKhadija | ||
| 040 |
_aUKM _cUKM _dBWK _dCDX _dC#P _dMUU _dDLC _dWaSeSS |
||
| 042 | _alccopycat | ||
| 050 | 4 |
_aTJ211.415 _b.F44 2009 |
|
| 050 | 4 | _aTJ211.415 | |
| 082 | 0 | 4 |
_a629.892 _222 _bFEH |
| 100 | 1 |
_aFehlman, William L. _984634 |
|
| 210 | 1 | 0 | _aMobile robot navigation with intelligent infrared image interpretation |
| 245 | 1 | 0 |
_aMobile robot navigation with intelligent infrared image interpretation / _cWilliam L. Fehlman II, Mark K. Hinders. |
| 260 |
_aDordrecht ; _aNew York : _bSpringer, _cc2009. |
||
| 504 | _aIncludes bibliographical references and index. | ||
| 506 | _aLicense restrictions may limit access. | ||
| 563 | _aHB | ||
| 650 | 0 |
_aMobile robots _xAutomatic control. _984635 |
|
| 650 | 0 |
_aInfrared imaging. _984636 |
|
| 650 | 0 |
_aInfrared detectors. _984637 |
|
| 700 | 1 |
_aHinders, Mark K., _d1963- _984638 |
|
| 773 | 0 | _tSpringerLink ebooks - Engineering (2009) | |
| 856 | 4 | 0 |
_uhttp://www.columbia.edu/cgi-bin/cul/resolve?clio7919693 _zFull text available from SpringerLink ebooks - Engineering (2009) |
| 910 | _aLibrary of Congress record | ||
| 942 |
_2ddc _cBK |
||
| 999 |
_c32960 _d32960 |
||